<?xml version="1.0" encoding="UTF-8"?><?xml-stylesheet type="text/xsl" href="static/style.xsl"?><OAI-PMH xmlns="http://www.openarchives.org/OAI/2.0/" xmlns:xsi="http://www.w3.org/2001/XMLSchema-instance" xsi:schemaLocation="http://www.openarchives.org/OAI/2.0/ http://www.openarchives.org/OAI/2.0/OAI-PMH.xsd"><responseDate>2026-04-19T11:43:17Z</responseDate><request verb="GetRecord" identifier="oai:www.recercat.cat:2445/54223" metadataPrefix="marc">https://recercat.cat/oai/request</request><GetRecord><record><header><identifier>oai:recercat.cat:2445/54223</identifier><datestamp>2025-11-20T11:02:48Z</datestamp><setSpec>com_2072_1057</setSpec><setSpec>col_2072_478808</setSpec><setSpec>col_2072_478917</setSpec></header><metadata><record xmlns="http://www.loc.gov/MARC21/slim" xmlns:dcterms="http://purl.org/dc/terms/" xmlns:xsi="http://www.w3.org/2001/XMLSchema-instance" xmlns:doc="http://www.lyncode.com/xoai" xsi:schemaLocation="http://www.loc.gov/MARC21/slim http://www.loc.gov/standards/marcxml/schema/MARC21slim.xsd">
   <leader>00925njm 22002777a 4500</leader>
   <datafield ind2=" " ind1=" " tag="042">
      <subfield code="a">dc</subfield>
   </datafield>
   <datafield ind2=" " ind1=" " tag="720">
      <subfield code="a">Fageda, Xavier, 1975-</subfield>
      <subfield code="e">author</subfield>
   </datafield>
   <datafield ind2=" " ind1=" " tag="720">
      <subfield code="a">Nonell, Rosa</subfield>
      <subfield code="e">author</subfield>
   </datafield>
   <datafield ind2=" " ind1=" " tag="260">
      <subfield code="c">2014-05-20T06:24:36Z</subfield>
   </datafield>
   <datafield ind2=" " ind1=" " tag="260">
      <subfield code="c">2014-05-20T06:24:36Z</subfield>
   </datafield>
   <datafield ind2=" " ind1=" " tag="260">
      <subfield code="c">2014-01-27</subfield>
   </datafield>
   <datafield ind2=" " ind1=" " tag="260">
      <subfield code="c">2014-05-20T06:24:36Z</subfield>
   </datafield>
   <datafield ind2=" " ind1=" " tag="520">
      <subfield code="a">La evaluación continua (EC) es una de las herramientas básicas que configuran la enseñanza centrada en el aprendizaje del estudiante. Este trabajo se centra en evaluar el impacto de la EC en el rendimiento académico del estudiante utilizando como base el proceso de análisis iniciado en el grupo de innovación docente TRANSEDU de la Universidad de Barcelona. A través del estudio descriptivo y analítico de las siguientes asignaturas :Arte e Historia (Grado Historia del Arte); Bioquímica i Microbiología Industrial (grado de Biotecnología); Desarrollo comunitario (Grado de Pedagogía); Fundamentos de Mecánica (Grado de Física); Información y Sociedad (Grado de Biblioteconomía), Política Económica de España (Grado de Economía) y Técnicas Instrumentales (Grado de Farmacia) se han ido identificando los elementos que configuran la EC en las diferentes asignaturas para elaborar posteriormente un marco de análisis que pretende definir los elementos facilitadores del proceso de EC.Identificados los mismos, se realiza a lo largo del trabajo un estudio cualitativo de los mismos y un análisis empírico que permita establecer el impacto de alguno de estos elementos sobre el rendimiento académico.</subfield>
   </datafield>
   <datafield tag="653" ind2=" " ind1=" ">
      <subfield code="a">Avaluació contínua</subfield>
   </datafield>
   <datafield tag="653" ind2=" " ind1=" ">
      <subfield code="a">Rendiment acadèmic</subfield>
   </datafield>
   <datafield tag="653" ind2=" " ind1=" ">
      <subfield code="a">Motivació en l'educació</subfield>
   </datafield>
   <datafield tag="653" ind2=" " ind1=" ">
      <subfield code="a">Continuous evaluation</subfield>
   </datafield>
   <datafield tag="653" ind2=" " ind1=" ">
      <subfield code="a">Academic achievement</subfield>
   </datafield>
   <datafield tag="653" ind2=" " ind1=" ">
      <subfield code="a">Motivation in education</subfield>
   </datafield>
   <datafield ind2="0" ind1="0" tag="245">
      <subfield code="a">Evaluación continua y rendimiento académico: un análisis interdisciplinar</subfield>
   </datafield>
</record></metadata></record></GetRecord></OAI-PMH>